| 000 | 00338nam a2200133Ia 4500 | ||
|---|---|---|---|
| 008 | 190216s9999||||xx |||||||||||||| ||und|| | ||
| 100 | _a"Dr.H.C.Mehrotra ,dr.s.p.goyal" | ||
| 245 | 0 | _aIncome Tax Law And Accounts / 49 Th Ed. | |
| 250 | _a49th Ed. | ||
| 260 |
_bSahithya Bhavan _c2008 |
||
| 300 | _a656 | ||
| 650 | _aCommerce | ||
| 942 | _cBK | ||
| 999 |
_c8273 _d8273 |
||